TIETZ TB OF CLINICAL CHEMISTRY & MOLECULAR DIAGNOSTICS (Record no. 1095)

MARC details
000 -LEADER
fixed length control field 00347nam a2200133Ia 4500
008 - FIXED-LENGTH DATA ELEMENTS--GENERAL INFORMATION
fixed length control field 150201s2006 xx 000 0 und d
082 ## - DEWEY DECIMAL CLASSIFICATION NUMBER
Classification number 616.07
Item number C06B
100 ## - MAIN ENTRY--PERSONAL NAME
Personal name BURTIS,CARL A
245 ## - TITLE STATEMENT
Title TIETZ TB OF CLINICAL CHEMISTRY & MOLECULAR DIAGNOSTICS
250 ## - EDITION STATEMENT
Edition statement 4TH
260 ## - PUBLICATION, DISTRIBUTION, ETC. (IMPRINT)
Name of publisher, distributor, etc. ELSEVIER
Place of publication, distribution, etc. DELHI
Date of publication, distribution, etc. 2006
650 ## - SUBJECT ADDED ENTRY--TOPICAL TERM
Topical term or geographic name as entry element BIOCHEMISTRY
942 ## - ADDED ENTRY ELEMENTS (KOHA)
Source of classification or shelving scheme Dewey Decimal Classification
Koha item type Books
Holdings
Withdrawn status Lost status Source of classification or shelving scheme Damaged status Not for loan Collection code Home library Current library Shelving location Date acquired Source of acquisition Cost, normal purchase price SGTU Bill Number Total Checkouts Full call number Barcode Date last seen Bill Date Koha item type Date last checked out
    Dewey Decimal Classification     MEDICAL SGT Medical Library SGT Medical Library Text Book 27/02/2010 U.B.S. DELHI 3295.00 SGTU 1013   616.07 C06B FM4224 09/02/2015 27/02/2010 Books  
    Dewey Decimal Classification     MEDICAL SGT Medical Library SGT Medical Library Text Book 27/02/2010 U.B.S. DELHI 3295.00 SGTU 1013   616.07 C06B FM4225 09/02/2015 27/02/2010 Books  
    Dewey Decimal Classification     MEDICAL SGT Medical Library SGT Medical Library Reference Book 23/01/2017 ABC 4175.00 SGTU 7551   616.07 C06B FM8331 23/01/2017 23/12/2016 Books  
    Dewey Decimal Classification     MEDICAL SGT Medical Library SGT Medical Library Reference Book 23/01/2017 ABC 4175.00 SGTU 7551 2 616.07 C06B FM8332 16/05/2025 23/12/2016 Books 01/05/2025
    Dewey Decimal Classification     MEDICAL SGT Medical Library SGT Medical Library Reference Book 23/01/2017 ABC 4175.00 SGTU 7551   616.07 C06B FM8333 23/01/2017 23/12/2016 Books  
    Dewey Decimal Classification     MEDICAL SGT Medical Library SGT Medical Library Reference Book 23/01/2017 ABC 4175.00 SGTU 7551   616.07 C06B FM8334 23/01/2017 23/12/2016 Books  
    Dewey Decimal Classification     MEDICAL SGT Medical Library SGT Medical Library Reference Book 23/01/2017 ABC 4175.00 SGTU 7551   616.07 C06B FM8335 23/01/2017 23/12/2016 Books